Educar en la diversidad: material de formación docente
保存先:
| 団体著者: | |
|---|---|
| フォーマット: | 図書 |
| 言語: | スペイン語 |
| 出版事項: |
Santiago
Cynthia Duk
2003
|
| 主題: | |
| タグ: |
タグ追加
タグなし, このレコードへの初めてのタグを付けませんか!
|
MARC
| LEADER | 00000nam a2200000 a 4500 | ||
|---|---|---|---|
| 001 | UCH9490 | ||
| 003 | CL-VaPUC | ||
| 008 | 100107e20030000cl |||||||||||||||||spa|d | ||
| 082 | 0 | 4 | |a 370.71 |b MIN |2 21 |
| 110 | 2 | |a Ministerio de Educación del Brasil |e author |9 546669 | |
| 245 | 1 | 0 | |a Educar en la diversidad: material de formación docente |
| 300 | |a 257 p | ||
| 942 | |c BK | ||
| 945 | |d 20100107 00:00:00 |a dcastane | ||
| 260 | |a Santiago |b Cynthia Duk |c 2003 | ||
| 650 | 0 | |a Formación profesional de profesores |9 307493 | |
| 651 | 0 | |a América Latina |9 255027 | |
| 583 | |a last modification |c 20171010 09:50:34 |k Rodrigo Vera | ||
| 999 | |c 339458 |d 339456 | ||
| 952 | |0 0 |1 0 |4 0 |6 370_710000000000000_MIN_2003 |7 0 |8 P |9 433117 |a BIBEDU |b BIBEDU |c BIBEDU_PB |d 2019-11-22 |i 4632400 |l 1 |o 370.71 MIN 2003 |p 4632400 |r 2024-01-25 |s 2022-11-21 |w 2019-11-22 |y BK |k EDI | ||